[Event "KATOWICE OPEN 2018"]
[Site "SchemingMind.com"]
[Date "2018.07.16"]
[Round "-"]
[White "Adrian Grajczak"]
[Black "flyinduck"]
[Result "0-1"]
[WhiteCountry "POL"]
[BlackCountry "CAN"]
[WhiteElo "1799"]
[WhiteRD "85"]
[BlackElo "2024"]
[BlackRD "53"]
[GameID "430212"]

1. e4 d6 2. d4 Nf6 3. Nc3 e5 4. Nf3 exd4 5. Nxd4 Be7 6. f3 O-O 7. Be3 d5 8. e5 Ne8 9. Nb3 Be6 10. Qd2 c5
11. Nxc5 Nc6 12. Nxe6 fxe6 13. Bd4 Bg5 14. Qf2 Rxf3 15. Qxf3 Nxd4 16. Qd3 Qb6 17. Rd1 Nc6 18. Qg3 Qxb2 19. Rb1 Qxc2
0-1

[Event "KATOWICE OPEN 2018"]
[Site "SchemingMind.com"]
[Date "2018.07.12"]
[Round "-"]
[White "Chessibelle"]
[Black "flyinduck"]
[Result "0-1"]
[WhiteCountry "ENG"]
[BlackCountry "CAN"]
[WhiteElo "1263"]
[WhiteRD "57"]
[BlackElo "2084"]
[BlackRD "62"]
[GameID "430213"]

1. e4 d6 2. Be2 Nf6 3. Nc3 e5 4. g3 Be7 5. Nf3 O-O 6. b3 Nc6 7. d3 d5 8. d4 Bb4 9. Bd2 exd4 10. Nb1 Bxd2+
11. Nbxd2 dxe4 12. Ng5 Re8 13. O-O h6 14. Nh3 Bxh3 15. Re1 Qd7 16. Nc4 Rad8 17. Qc1 d3 18. cxd3 exd3 19. Bxd3 Qxd3 20. Ne3 Nd4
21. Qd1 Qxd1 22. Rexd1 Nf3+ 23. Kh1 Ne4 24. Ng4 Bxg4 25. Rdc1 Rd2 26. Kg2 Rxf2+ 27. Kh1 Rxh2#
0-1

[Event "KATOWICE OPEN 2018"]
[Site "SchemingMind.com"]
[Date "2018.07.12"]
[Round "-"]
[White "flyinduck"]
[Black "Robert Bruce"]
[Result "0-1"]
[WhiteCountry "CAN"]
[BlackCountry "SCO"]
[WhiteElo "2024"]
[WhiteRD "53"]
[BlackElo "2312"]
[BlackRD "67"]
[GameID "430214"]

1. e4 Nf6 2. e5 Nd5 3. d4 d6 4. c4 Nb6 5. f4 g6 6. Nc3 Bg7 7. Nf3 O-O 8. h4 dxe5 9. fxe5 c5 10. d5 Bg4
11. Bf4 N8d7 12. Qe2 Qb8 13. Qe3 Bxf3 14. e6 Ne5 15. Bxe5 Bxe5 16. exf7+ Rxf7 17. gxf3 Bd4 18. Qg5 Rxf3 19. Be2 Rg3 20. Qxe7 Re3
21. Qg5 Nxc4 22. h5 Qe8
0-1

[Event "KATOWICE OPEN 2018"]
[Site "SchemingMind.com"]
[Date "2018.07.12"]
[Round "-"]
[White "flyinduck"]
[Black "William Lindberg"]
[Result "0-1"]
[WhiteCountry "CAN"]
[BlackCountry "USA"]
[WhiteElo "2084"]
[WhiteRD "62"]
[BlackElo "2501"]
[BlackRD "67"]
[GameID "430215"]

1. e4 e5 2. Nf3 Nc6 3. Bc4 Nf6 4. Ng5 d5 5. exd5 Na5 6. Bb5+ c6 7. dxc6 bxc6 8. Be2 h6 9. Nh3 Bc5 10. d3 Nb7
11. O-O O-O 12. Nc3 Re8 13. Kh1 Nd6 14. Ng1 Bb6 15. Bf3 Qc7 16. Nge2 Ba6 17. Ng3 Rad8 18. Bd2 e4 19. Ncxe4 Nfxe4
0-1

[Event "KATOWICE OPEN 2018"]
[Site "SchemingMind.com"]
[Date "2018.07.12"]
[Round "-"]
[White "flyinduck"]
[Black "Janusz Szopa"]
[Result "0-1"]
[WhiteCountry "CAN"]
[BlackCountry "POL"]
[WhiteElo "2023"]
[WhiteRD "52"]
[BlackElo "2372"]
[BlackRD "77"]
[GameID "430217"]

1. e4 e5 2. Nf3 Nc6 3. Bc4 Bc5 4. c3 Nf6 5. d4 exd4 6. cxd4 Bb4+ 7. Bd2 Bxd2+ 8. Nbxd2 d5 9. exd5 Nxd5 10. O-O O-O
11. Ne5 Nxd4 12. Nb3 Nxb3 13. Qxb3 c6 14. Rad1 Qc7 15. Rfe1 Be6 16. Nf3 Qb6 17. Ng5 Qxb3 18. Bxb3 Rfe8 19. g3 Rad8 20. Nxe6 fxe6
21. f4 g6 22. Kf2 Kf7 23. Re5 Nc7 24. Rxd8 Rxd8 25. Ke2 b6 26. g4 c5 27. a4 Rd4 28. Ke3 Rb4 29. Bd1 Rxb2 30. h4 Nd5+
31. Kf3 Rb1 32. Be2 Rb3+ 33. Kf2 Nxf4
0-1

[Event "KATOWICE OPEN 2018"]
[Site "SchemingMind.com"]
[Date "2018.07.12"]
[Round "-"]
[White "flyinduck"]
[Black "Keithk"]
[Result "0-1"]
[WhiteCountry "CAN"]
[BlackCountry "ENG"]
[WhiteElo "2084"]
[WhiteRD "62"]
[BlackElo "2529"]
[BlackRD "59"]
[GameID "430218"]

1. e4 e5 2. Nf3 Nc6 3. Bc4 Nf6 4. d4 exd4 5. O-O Nxe4 6. Re1 d5 7. Bxd5 Qxd5 8. Nc3 Qh5 9. Nxe4 Be6 10. Neg5 O-O-O
11. Nxe6 fxe6 12. Bf4 Qf5 13. Bg3 Bb4 14. Nd2 h5 15. h4 g5 16. a3 Bc3 17. Qe2 d3 18. Qe3 Bxb2 19. Rab1 Bc3 20. Rb3 Bxd2
0-1

[Event "KATOWICE OPEN 2018"]
[Site "SchemingMind.com"]
[Date "2018.07.17"]
[Round "-"]
[White "flyinduck"]
[Black "davidcook"]
[Result "1/2-1/2"]
[WhiteCountry "CAN"]
[BlackCountry "ENG"]
[WhiteElo "2024"]
[WhiteRD "53"]
[BlackElo "2272"]
[BlackRD "63"]
[GameID "430219"]

1. e4 e5 2. Nf3 Nc6 3. Bc4 Bc5 4. b4 Bxb4 5. c3 Ba5 6. d4 b5 7. Bxb5 Nxd4 8. Nxd4 exd4 9. Qxd4 Qf6 10. O-O Bb6
11. Qd3 Ne7 12. Nd2 O-O 13. Nf3 h6 14. a4 Ng6 15. Be3 Bxe3 16. Qxe3 Re8 17. Rfe1 a6 18. Bf1 Bb7 19. Nd2 d5 20. f3 dxe4
21. fxe4 Rad8 22. Rab1 Bc6 23. Rb4 a5 24. Rc4 Ne5 25. Rd4 Ng4 26. Qf3 Rxd4 27. Qxf6 Nxf6 28. cxd4 Nxe4 29. Nc4 Bxa4 30. Nxa5 Nd6
31. Rxe8+ Bxe8 32. Kf2 f5 33. Nc4 Nxc4 34. Bxc4+ Bf7 35. Bd3 f4=
1/2-1/2

[Event "KATOWICE OPEN 2018"]
[Site "SchemingMind.com"]
[Date "2018.07.13"]
[Round "-"]
[White "lawyertheologian"]
[Black "Phillip Beckett"]
[Result "1-0"]
[WhiteCountry "USA"]
[BlackCountry "ENG"]
[WhiteElo "2019"]
[WhiteRD "84"]
[BlackElo "1503"]
[BlackRD "56"]
[GameID "430250"]

1. e4 e5 2. Nc3 Nf6 3. f4 d6 4. Nf3 exf4 5. d4 Be7 6. Bxf4 O-O 7. Bd3 Nc6 8. O-O Bg4 9. Be3 h6 10. Qd2 Nb4
11. Bc4 Be6 12. Bxe6 fxe6 13. Bxh6 gxh6 14. Qxh6 Nh7 15. Qxe6+ Kh8 16. Rac1 Rf6 17. Qh3 Qf8 18. a3 Nc6 19. Nd5 Rh6 20. Qd7 Qc8
21. Qxc7 Qxc7 22. Nxc7 Rc8 23. Nd5 Bg5 24. Rce1 Bf6 25. Nxf6 Rxf6 26. c3 Rcf8 27. Nd2 Rxf1+ 28. Rxf1 Rxf1+ 29. Kxf1 Ng5 30. h4 Nf7
31. Ke2 Ne7 32. Kf3 Kg7 33. g4 Ng6 34. Kg3 Nh6 35. Nc4 Nf7 36. Ne3 Ne7 37. Nf5+ Nxf5+ 38. exf5 Nh6 39. Kf4 Kf7 40. g5 Ng8
41. h5 Ne7 42. h6 Kg8 43. g6 Nd5+ 44. Kg5 Ne7 45. f6
1-0

[Event "KATOWICE OPEN 2018"]
[Site "SchemingMind.com"]
[Date "2018.07.13"]
[Round "-"]
[White "lawyertheologian"]
[Black "Chessibelle"]
[Result "1-0"]
[WhiteCountry "USA"]
[BlackCountry "ENG"]
[WhiteElo "2019"]
[WhiteRD "84"]
[BlackElo "1238"]
[BlackRD "58"]
[GameID "430252"]

1. e4 e5 2. Nc3 Nc6 3. f4 Nf6 4. fxe5 Nxe5 5. d4 Nc6 6. e5 Ng8 7. Nf3 g6 8. d5 Nce7 9. d6 Nf5 10. Bg5 f6
11. exf6 Nxf6 12. Nd5 Kf7 13. Bxf6 Qe8+ 14. Ne5+ Kg8 15. Bc4 c6 16. Ne7#
1-0

[Event "KATOWICE OPEN 2018"]
[Site "SchemingMind.com"]
[Date "2018.07.13"]
[Round "-"]
[White "Robert Bruce"]
[Black "lawyertheologian"]
[Result "1-0"]
[WhiteCountry "SCO"]
[BlackCountry "USA"]
[WhiteElo "2334"]
[WhiteRD "66"]
[BlackElo "1982"]
[BlackRD "81"]
[GameID "430253"]

1. f4 e5 2. fxe5 d6 3. exd6 Bxd6 4. Nf3 Nc6 5. d4 Bg4 6. e3 Qe7 7. Bb5 O-O-O 8. O-O Nf6 9. c4 Ne4 10. Nbd2 Ng5
11. c5 Nxf3+ 12. Nxf3 Bxc5 13. Qc2 Bxf3 14. Rxf3 Bb6 15. Bxc6 bxc6 16. a4 a5 17. Qxc6 Kb8 18. Bd2 Qd7 19. Qc2 f6 20. Ra3 Qd6
21. Rf5 Rhe8 22. Rb3 Kc8 23. Bxa5 Rxe3 24. Rxb6 Qxd4 25. Rb8+ Kd7 26. Rd5+
1-0

[Event "KATOWICE OPEN 2018"]
[Site "SchemingMind.com"]
[Date "2018.07.14"]
[Round "-"]
[White "William Lindberg"]
[Black "lawyertheologian"]
[Result "1-0"]
[WhiteCountry "USA"]
[BlackCountry "USA"]
[WhiteElo "2501"]
[WhiteRD "67"]
[BlackElo "1982"]
[BlackRD "81"]
[GameID "430254"]

1. d4 f5 2. Nf3 Nf6 3. g3 g6 4. c4 Bg7 5. Bg2 O-O 6. O-O d6 7. Nc3 Nc6 8. Qb3 e5 9. dxe5 dxe5 10. Rd1 Qe8
11. Nd5 Rf7 12. Ng5 Nd4 13. Rxd4 exd4 14. Bf4 c6 15. Nxf7 cxd5 16. Nd6 Qxe2 17. Bf1 Qh5 18. h4 h6 19. Re1 g5 20. Be2 Qg6
21. h5 Nxh5 22. Bxh5 Qxh5 23. Re8+ Bf8 24. c5 Be6 25. Rxe6 gxf4 26. Qxd5 Kh8 27. Qxb7 Qd1+ 28. Kg2 f3+ 29. Kh2 Qc2 30. Nf7+ Kg8
31. Rg6+ Kh7 32. Ne5+ Kh8 33. Rg8+
1-0

[Event "KATOWICE OPEN 2018"]
[Site "SchemingMind.com"]
[Date "2018.07.15"]
[Round "-"]
[White "Janusz Szopa"]
[Black "lawyertheologian"]
[Result "1-0"]
[WhiteCountry "POL"]
[BlackCountry "USA"]
[WhiteElo "2337"]
[WhiteRD "79"]
[BlackElo "1982"]
[BlackRD "81"]
[GameID "430255"]

1. e4 Nf6 2. e5 Nd5 3. d4 d6 4. c4 Nb6 5. exd6 cxd6 6. Nf3 g6 7. Nc3 Bg7 8. a4 a5 9. b3 Bg4 10. Be2 Nc6
11. Be3 O-O 12. Nb5 d5 13. Rc1 e5 14. Nxe5 Bxe2 15. Qxe2 Nxe5 16. dxe5 Bxe5 17. O-O Re8 18. Qf3 d4 19. Bxd4 Bxd4 20. Rcd1 Qf6
21. Nxd4 Qxf3 22. Nxf3 Rad8 23. Rxd8 Rxd8 24. Rb1 Kf8 25. Ng5 h6 26. Ne4 Rd7 27. Kf1 Ke7 28. Re1 Kd8 29. Nc5 Rc7 30. Re5 Nc8
31. Nd3 b6 32. Rb5 Ke7 33. Ke2 Kd6 34. Ke3 Re7+ 35. Kd4 Re2 36. Kc3 f5 37. c5+ bxc5 38. Rxc5 Nb6 39. Rxa5 Nd5+ 40. Rxd5+
1-0

[Event "KATOWICE OPEN 2018"]
[Site "SchemingMind.com"]
[Date "2018.07.18"]
[Round "-"]
[White "lawyertheologian"]
[Black "flyinduck"]
[Result "1-0"]
[WhiteCountry "USA"]
[BlackCountry "CAN"]
[WhiteElo "1982"]
[WhiteRD "81"]
[BlackElo "2084"]
[BlackRD "62"]
[GameID "430257"]

1. Nc3 d6 2. d4 Nf6 3. e4 e5 4. Nf3 exd4 5. Qxd4 Nc6 6. Bb5 Be7 7. e5 Ng4 8. exd6 Qxd6 9. O-O O-O 10. Bxc6 bxc6
11. Bf4 Qxd4 12. Nxd4 c5 13. Ndb5 Be6 14. Nxc7 Rac8 15. N3d5 Bd8 16. Rad1 Bxc7 17. Nxc7 Bxa2 18. Ra1 Bc4 19. Rfe1 g5 20. Bg3 f5
21. Bd6 Rfd8 22. Be7 Rd2 23. Bxg5 Rxc2 24. Rxa7 Nxf2 25. Ne8 Ng4 26. h3
1-0

[Event "KATOWICE OPEN 2018"]
[Site "SchemingMind.com"]
[Date "2018.07.18"]
[Round "-"]
[White "davidcook"]
[Black "lawyertheologian"]
[Result "1-0"]
[WhiteCountry "ENG"]
[BlackCountry "USA"]
[WhiteElo "2163"]
[WhiteRD "65"]
[BlackElo "1982"]
[BlackRD "81"]
[GameID "430258"]

1. e4 Nf6 2. e5 Nd5 3. d4 d6 4. Nf3 Bg4 5. Be2 e6 6. O-O Be7 7. c4 Nb6 8. Nc3 O-O 9. Be3 Nc6 10. exd6 cxd6
11. d5 exd5 12. Nxd5 Nxd5 13. Qxd5 Bf6 14. Rad1 Bxb2 15. Qb5 Ba3 16. Rd3 Bb4 17. a3 Ba5 18. c5 d5 19. Qxb7 Ne7 20. Nd4 Bxe2
21. Nxe2 Qc7 22. Qxc7 Bxc7 23. Rc1 Rab8 24. c6 Rb2 25. Kf1 a6 26. Bc5 Re8 27. Re3 Kf8 28. Nd4 Bf4 29. Rxe7 Rxe7 30. Re1 Bg5
31. c7
1-0

[Event "KATOWICE OPEN 2018"]
[Site "SchemingMind.com"]
[Date "2018.07.14"]
[Round "-"]
[White "lawyertheologian"]
[Black "Keithk"]
[Result "0-1"]
[WhiteCountry "USA"]
[BlackCountry "ENG"]
[WhiteElo "2019"]
[WhiteRD "84"]
[BlackElo "2539"]
[BlackRD "60"]
[GameID "430259"]

1. e4 e5 2. Nc3 Nf6 3. Nf3 Nc6 4. Bb5 Nd4 5. Ba4 c6 6. Nxe5 d6 7. Nd3 b5 8. Bb3 a5 9. a3 d5 10. e5 Bg4
11. f3 Bf5 12. exf6 Qxf6 13. Kf2 Bd6 14. g3 Nxb3 15. Qe2+ Kd7 16. cxb3 Rhe8 17. Qf1 Qd4+ 18. Kg2 Bxd3 19. Qf2 Qxf2+ 20. Kxf2 d4
21. Ne4 f5 22. Nxd6 Re2+ 23. Kf1 Kxd6 24. b4 Rae8
0-1